'Your region - your choice' (Record no. 70298)

MARC details
000 -LEADER
fixed length control field 01055cam a2200193 4500
001 - CONTROL NUMBER
control field WB3819-22
008 - FIXED-LENGTH DATA ELEMENTS--GENERAL INFORMATION
fixed length control field 020520n2002 000 0 eng u
035 ## - SYSTEM CONTROL NUMBER
System control number (Sirsi) u118056
245 ## - TITLE STATEMENT
Title 'Your region - your choice'
260 ## - PUBLICATION, DISTRIBUTION, ETC.
Date of publication, distribution, etc. 2002
490 ## - SERIES STATEMENT
Series statement Cabinet Office Press Release
Volume/sequential designation (051/02) 9 May 2002, (2)
520 ## - SUMMARY, ETC.
Summary, etc. The white paper on regional governance was published on 9 May 2002 and aims to strenthen regional policy across England with the option of creating elected regional assemblies. Regional assemblies will have specific responsibility for economic development, regeneration, spatial development, housing and transport and should bring decision making closer to the public. "Your region - your choice: revitalising the English Regions" available at http://www.regions.dtlr.gov.uk/governance/whitepaper/index.htm. http://www.cabinet-office.gov.uk/2002/news/020509_yourregion.htm
590 ## - LOCAL NOTE (RLIN)
Local note WB
650 ## - SUBJECT ADDED ENTRY--TOPICAL TERM
Topical term or geographic name entry element ENGLISH REGIONS
650 ## - SUBJECT ADDED ENTRY--TOPICAL TERM
Topical term or geographic name entry element REGIONAL ASSEMBLIES
650 ## - SUBJECT ADDED ENTRY--TOPICAL TERM
Topical term or geographic name entry element DEVOLUTION
690 ## - LOCAL SUBJECT ADDED ENTRY--TOPICAL TERM (OCLC, RLIN)
Topical term or geographic name as entry element LOCAL GOVERNMENT
942 ## - ADDED ENTRY ELEMENTS (KOHA)
Suppress in OPAC 0
Holdings
Withdrawn status Lost status Source of classification or shelving scheme Damaged status Not for loan Home library Current library Shelving location Date acquired Total Checkouts Full call number Barcode Date last seen Copy number Price effective from Koha item type
    Dewey Decimal Classification     London London News article 20/05/2002   WB3819-22 118056-1001 06/08/2019 1 06/08/2019 News article